000 00581nam a2200217Ia 4500
003 OSt
005 20220928144533.0
006 a|||||r|||| 00| 0
007 ta
008 220927b |||||||| |||| 00| 0 eng d
024 _a71483
037 _cTextual
040 _aSDCL
_cSDCL
_beng
041 _2eng
_aeng
082 _aO-,1L:g(R321), M1
100 _aAers David
_9508143
245 0 _aRomanticism and ideology
_b Studies in English writing 1765-1930.
260 _c1981
942 _hO-,1L:g(R321), M1
_cTEXL
_2CC
999 _c827661
_d827661